[Event "17. Bayer Open"]
[Site "Leverkusen"]
[Date "2019.01.21"]
[Round "2.8"]
[White "Blumenthal, Ralf"]
[Black "Peschel, Andreas"]
[Result "0-1"]
[WhiteElo "1913"]
[BlackElo "2140"]
[PlyCount "106"]
[EventDate "2019.??.??"]
[WhiteTeam "SK Turm Euskirchen"]
[BlackTeam "SG Solingen"]

1. e4 c5 2. Nf3 e6 3. d4 cxd4 4. Nxd4 a6 5. c4 Qc7 6. Nc3 Nf6 7. Be3 b6 8. Bd3
Bb7 9. a3 d6 10. O-O Nbd7 11. f3 Ne5 12. Be2 Rc8 13. Rc1 Qb8 14. Na4 Ned7 15.
b4 Be7 16. Nb3 O-O 17. Qe1 Rfe8 18. Qf2 Bd8 19. Rfd1 d5 20. exd5 exd5 21. Nd4
Bc7 22. c5 Bxh2+ 23. Kh1 Bg3 24. Qg1 bxc5 25. bxc5 Qe5 26. f4 Qxe3 27. Qxe3
Rxe3 28. c6 Bxc6 29. Nxc6 Rxe2 30. Ne7+ Rxe7 31. Rxc8+ Re8 32. Rxe8+ Nxe8 33.
Rxd5 Ndf6 34. Rd4 h5 35. Nc3 Kh7 36. Ne4 Nxe4 37. Rxe4 Nd6 38. Ra4 Kg6 39. Kg1
Kf5 40. Rxa6 Bxf4 41. Kf2 g5 42. Ke2 Kg4 43. Rc6 Kg3 44. a4 Kxg2 45. a5 h4 46.
a6 Nb5 47. Rb6 Na7 48. Rb7 h3 49. Kd3 h2 50. Rb2+ Kf3 51. Rb1 Be3 52. Rf1+ Bf2
53. Kc4 Kg2 0-1

[Event "17. Bayer Open"]
[Site "Leverkusen"]
[Date "2019.01.21"]
[Round "2.9"]
[White "Ramien, David"]
[Black "Birnkott, Manfred"]
[Result "1-0"]
[WhiteElo "2161"]
[BlackElo "1912"]
[PlyCount "45"]
[EventDate "2019.??.??"]
[WhiteTeam "SG Porz"]
[BlackTeam "SC Bayer Leverkusen"]

1. e4 c5 2. Nf3 Nc6 3. d4 cxd4 4. Nxd4 g6 5. Nc3 Bg7 6. Nb3 Nf6 7. Be2 O-O 8.
O-O d6 9. Bg5 h6 10. Bh4 Kh7 11. f4 Bd7 12. Kh1 Rc8 13. Qd2 a5 14. Bf3 b5 15.
Nxb5 a4 16. N3d4 Qb6 17. c3 Nxd4 18. Nxd4 e5 19. Ne2 Bg4 20. fxe5 dxe5 21. Bxf6
Bxf3 22. Bxg7 Bxe2 23. Qxh6+ 1-0

[Event "17. Bayer Open"]
[Site "Leverkusen"]
[Date "2019.01.21"]
[Round "2.10"]
[White "Hennig, Edgar Paul"]
[Black "Bruchmann, Norbert"]
[Result "0-1"]
[WhiteElo "1910"]
[BlackElo "2111"]
[PlyCount "136"]
[EventDate "2019.??.??"]
[WhiteTeam "Satranç Club"]
[BlackTeam "SG Ennepe-Ruhr-Süd"]

1. e4 e6 2. d4 d5 3. Nc3 Bb4 4. exd5 exd5 5. Bd3 Nc6 6. a3 Bxc3+ 7. bxc3 Nge7
8. Qf3 Be6 9. Ne2 Qd7 10. Bf4 O-O 11. O-O Ng6 12. Bd2 Rae8 13. Nf4 Nxf4 14.
Bxf4 Ne7 15. Rfe1 Ng6 16. Bd2 Bg4 17. Qg3 Bf5 18. h3 Be4 19. Bxe4 dxe4 20. f3
exf3 21. Qxf3 b6 22. Qf2 Qa4 23. Qf5 Qc6 24. Qd3 Nh4 25. Qg3 Nf5 26. Qg4 g6 27.
Qf4 a5 28. g4 Ng7 29. Rxe8 Rxe8 30. Rf1 Qd7 31. Qf6 Re6 32. Qf3 Re8 33. Qf6 Re6
34. Qf3 Qe7 35. Qa8+ Qe8 36. Qxe8+ Rxe8 37. Kf2 Ne6 38. Re1 Rd8 39. Ke3 f6 40.
Kd3 Kf7 41. h4 b5 42. Rf1 b4 43. axb4 axb4 44. Kc4 bxc3 45. Bxc3 c6 46. Ra1 Rd7
47. Ra6 Nf4 48. Rxc6 Ng2 49. h5 Ne3+ 50. Kc5 Nxg4 51. hxg6+ hxg6 52. d5 f5 53.
Bd2 Nf6 54. Bf4 Rxd5+ 55. Kc4 Rd1 56. Bg5 Nd7 57. Kc3 Rg1 58. Be3 Rg3 59. Kd4
g5 60. Bc1 Rg1 61. Bb2 Rd1+ 62. Ke3 f4+ 63. Ke2 Rb1 64. Bc3 Rh1 65. Kf3 Rg1 66.
Rh6 Rg3+ 67. Ke4 Rxc3 68. Rh7+ Ke6 0-1

[Event "17. Bayer Open"]
[Site "Leverkusen"]
[Date "2019.01.21"]
[Round "2.11"]
[White "Werbeck, Torsten"]
[Black "Beyer, Fabian"]
[Result "1-0"]
[WhiteElo "2109"]
[BlackElo "1884"]
[PlyCount "119"]
[EventDate "2019.??.??"]
[WhiteTeam "Elberfelder SG"]
[BlackTeam "SG Solingen"]

1. d4 d5 2. Nf3 Nf6 3. c4 e6 4. Nc3 Bb4 5. Bg5 c5 6. Rc1 Nc6 7. e3 cxd4 8. exd4
O-O 9. Be2 h6 10. Bh4 dxc4 11. Bxc4 b6 12. O-O Be7 13. Bg3 Bb7 14. Be2 Rc8 15.
h3 Na5 16. Ne5 Ne4 17. Nxe4 Rxc1 18. Qxc1 Bxe4 19. Qc3 Qa8 20. Rc1 Bd6 21. Bf3
Bxf3 22. Nxf3 Bxg3 23. fxg3 Qd5 24. b4 Nb7 25. Qc6 Rd8 26. Qxd5 Rxd5 27. Rc7
Nd6 28. Rxa7 Nb5 29. Rb7 Nxd4 30. Nxd4 Rxd4 31. Rxb6 Rd1+ 32. Kh2 e5 33. g4 e4
34. Kg3 Rd3+ 35. Kf4 e3 36. Kf3 Ra3 37. Rb8+ Kh7 38. Re8 Rxa2 39. Rxe3 Rb2 40.
Re4 Kg6 41. h4 Kf6 42. Rc4 Rb3+ 43. Kf2 Ke5 44. g3 Rb2+ 45. Kf3 Rb3+ 46. Kg2
Rb2+ 47. Kh3 Kd5 48. Rc5+ Kd6 49. Rb5 g5 50. Rb6+ Ke7 51. Rxh6 gxh4 52. Rb6
hxg3 53. Kxg3 Rb1 54. b5 Rb4 55. Rb8 Ke6 56. b6 Ke7 57. g5 Kd7 58. Kf3 Ke7 59.
b7 Rb1 60. g6 1-0

[Event "17. Bayer Open"]
[Site "Leverkusen"]
[Date "2019.01.21"]
[Round "2.12"]
[White "Schimpf, Rolf"]
[Black "Wille, Thomas"]
[Result "1-0"]
[WhiteElo "1895"]
[BlackElo "2096"]
[PlyCount "51"]
[EventDate "2019.??.??"]
[WhiteTeam "SC Bayer Leverkusen"]
[BlackTeam "Velberter SG"]

1. d4 Nf6 2. e3 e6 3. f4 c5 4. Nf3 d5 5. c3 a6 6. Bd3 Bd6 7. O-O O-O 8. Qe2 Ne4
9. Bxe4 dxe4 10. Ne5 f5 11. Bd2 Nd7 12. Na3 cxd4 13. cxd4 Nf6 14. Nac4 Be7 15.
Ba5 Qe8 16. Nb6 Rb8 17. Rfc1 Bd6 18. Rc2 Bd7 19. Nbxd7 Nxd7 20. Nxd7 Qxd7 21.
Rac1 Qa4 22. Bc7 Bxc7 23. Rxc7 Qxa2 24. Qh5 Qb3 25. Rxg7+ Kxg7 26. Rc7+ 1-0

[Event "17. Bayer Open"]
[Site "Leverkusen"]
[Date "2019.01.21"]
[Round "2.13"]
[White "Bär, Marco"]
[Black "Blomeyer, Peter"]
[Result "1-0"]
[WhiteElo "2065"]
[BlackElo "1885"]
[PlyCount "89"]
[EventDate "2019.??.??"]
[WhiteTeam "SC Bayer Leverkusen"]
[BlackTeam "Königsspringer Leverkusen"]

1. c4 d6 2. Nc3 e5 3. g3 f5 4. d4 Be7 5. dxe5 dxe5 6. Qxd8+ Bxd8 7. Bg2 c6 8.
Nf3 e4 9. Nd4 Na6 10. O-O Nf6 11. b3 Bb6 12. Nc2 Be6 13. Na4 Bc7 14. Ba3 Rd8
15. Rad1 Kf7 16. Nd4 Bc8 17. Nc2 Be5 18. f3 exf3 19. Bxf3 h5 20. Nc5 Nxc5 21.
Bxc5 a6 22. Be3 h4 23. Bf4 Bxf4 24. gxf4 Rdg8 25. Kf2 g5 26. fxg5 Rxg5 27. Rg1
Rhg8 28. Rxg5 Rxg5 29. Rd8 Rg8 30. Rxg8 Nxg8 31. Ne3 Kf6 32. Ng2 Kg5 33. e3 Nf6
34. h3 Be6 35. Nf4 Bf7 36. Kg2 a5 37. Kf2 a4 38. Kg2 Ne4 39. Bxe4 fxe4 40. Kf2
a3 41. Ne2 b5 42. cxb5 cxb5 43. Nc3 Kf5 44. Nxb5 Bxb3 45. Nd4+ 1-0

[Event "17. Bayer Open"]
[Site "Leverkusen"]
[Date "2019.01.21"]
[Round "2.14"]
[White "Jiritschka, Wolfgang"]
[Black "Heller, Achim"]
[Result "0-1"]
[WhiteElo "1891"]
[BlackElo "2076"]
[PlyCount "74"]
[EventDate "2019.??.??"]
[WhiteTeam "SC Bayer Leverkusen"]
[BlackTeam "SG Ennepe-Ruhr-Süd"]

1. c4 c6 2. Nc3 d5 3. e3 Nf6 4. Nf3 Nbd7 5. b3 e5 6. Bb2 a6 7. d4 e4 8. Ne5 Bd6
9. f4 exf3 10. Nxf3 O-O 11. Bd3 Re8 12. Bc1 Bb4 13. Qc2 Ng4 14. O-O Ndf6 15.
Nd1 Ne4 16. a3 Bd6 17. h3 Ngf6 18. Nc3 Bc7 19. cxd5 Nxc3 20. Qxc3 cxd5 21. Ne5
Be6 22. Qe1 Ne4 23. Bxe4 dxe4 24. Qf2 Qd6 25. g4 f6 26. Nc4 Qd7 27. Qh4 b5 28.
Nd2 Qd5 29. Bb2 Rac8 30. Rac1 Bd6 31. g5 f5 32. Qf2 Rf8 33. Rxc8 Bxc8 34. Rc1
Bd7 35. b4 f4 36. Qh4 fxe3 37. Nxe4 Rf4 0-1

[Event "17. Bayer Open"]
[Site "Leverkusen"]
[Date "2019.01.21"]
[Round "2.15"]
[White "ter Steeg, Marcus"]
[Black "Pyrowicz, Jacek"]
[Result "0-1"]
[WhiteElo "2059"]
[BlackElo "1872"]
[PlyCount "130"]
[EventDate "2019.??.??"]
[WhiteTeam "SF Essen-Werden"]
[BlackTeam "SV Springer Hitdorf"]

1. c4 e5 2. g3 Nf6 3. Bg2 c6 4. d4 exd4 5. Qxd4 Bb4+ 6. Nc3 d6 7. Bf4 Bc5 8.
Qd2 Be6 9. O-O-O O-O 10. Bxd6 Bxd6 11. Qxd6 Qxd6 12. Rxd6 Bxc4 13. Nh3 Nbd7 14.
b3 Be6 15. Nf4 Rfe8 16. Rhd1 Nb6 17. e4 Kf8 18. Nd3 Nfd7 19. Nf4 Ne5 20. Nxe6+
Rxe6 21. Rxe6 fxe6 22. f4 Nf7 23. a4 a5 24. Kc2 Ke7 25. h4 Nd7 26. Ne2 Nf6 27.
Bf3 Rd8 28. Rxd8 Kxd8 29. Kc3 e5 30. Nc1 Kc7 31. Nd3 Kd6 32. Kc4 Nd7 33. Bg4
Nb6+ 34. Kc3 g6 35. h5 g5 36. fxg5 Nxg5 37. Bf5 h6 38. Nf2 Nd7 39. Ng4 Nc5 40.
Nf2 b6 41. Kc4 Nf3 42. Kc3 Nd4 43. Ng4 Ne2+ 44. Kc4 Nxg3 45. Nxh6 Nxh5 46. Nf7+
Kc7 47. Nxe5 Nf6 48. Bg6 Nfxe4 49. Bxe4 Nxe4 50. b4 Nd6+ 51. Kb3 Nb7 52. Nc4
Nd6 53. Ne5 axb4 54. Kxb4 c5+ 55. Kb3 Kb7 56. Kc3 Ka6 57. Nc6 Nb7 58. Kb2 Na5
59. Nb8+ Kb7 60. Nd7 Kc6 61. Nb8+ Kc7 62. Na6+ Kb7 63. Nxc5+ bxc5 64. Kc3 Kc6
65. Kd3 Kd5 0-1

[Event "17. Bayer Open"]
[Site "Leverkusen"]
[Date "2019.01.21"]
[Round "2.16"]
[White "Ljuboschiz, Alexander"]
[Black "Kemper, Michael"]
[Result "1/2-1/2"]
[WhiteElo "2055"]
[BlackElo "1861"]
[PlyCount "102"]
[EventDate "2019.??.??"]
[WhiteTeam "SC Tornado Hochneukirch"]
[BlackTeam "SV Dormagen"]

1. e4 c5 2. Nf3 d6 3. d4 cxd4 4. Nxd4 Nf6 5. Nc3 g6 6. Be2 Bg7 7. O-O Nc6 8.
Nb3 O-O 9. Kh1 a6 10. Bg5 b5 11. a3 Bb7 12. f4 Na5 13. Nxa5 Qxa5 14. Bf3 Rac8
15. Qe2 Rxc3 16. bxc3 Qxc3 17. e5 Bxf3 18. Qxf3 Qxf3 19. Rxf3 dxe5 20. fxe5 Nd5
21. Rd1 e6 22. Bf6 Bxf6 23. exf6 Rc8 24. Rd2 Rc4 25. h3 h6 26. Kg1 Kh7 27. Kf1
g5 28. Ke1 Kg6 29. Rdf2 a5 30. Kd2 h5 31. Rf1 g4 32. R3f2 Ra4 33. Rb1 Rd4+ 34.
Kc1 b4 35. axb4 axb4 36. Rb3 Nxf6 37. hxg4 hxg4 38. Kb2 Nd5 39. Rd3 Re4 40. Kb3
f5 41. Rd1 Kg5 42. Ra1 g3 43. Rf3 Re3+ 44. Rxe3 Nxe3 45. Re1 f4 46. Re2 Kg4 47.
Kxb4 Nd5+ 48. Kc5 f3 49. gxf3+ Kxf3 50. Rxe6 g2 51. Rg6 Ne3 1/2-1/2

[Event "17. Bayer Open"]
[Site "Leverkusen"]
[Date "2019.01.21"]
[Round "2.17"]
[White "Alexopoulos, Spiros Orestis"]
[Black "Borchert, Stephan"]
[Result "0-1"]
[WhiteElo "1894"]
[BlackElo "1983"]
[PlyCount "56"]
[EventDate "2019.??.??"]
[WhiteTeam "Aachener SV"]
[BlackTeam "SG Solingen"]

1. e4 c5 2. Nf3 d6 3. d4 cxd4 4. Nxd4 Nf6 5. f3 a6 6. c4 g6 7. Nc3 Bg7 8. Be3
Nc6 9. Qd2 O-O 10. Be2 Bd7 11. O-O Rc8 12. Rac1 Ne8 13. Nd5 e6 14. Nc3 f5 15.
Nxc6 Rxc6 16. b4 Rc8 17. Rfd1 Rf7 18. c5 dxc5 19. Bxc5 Bf6 20. Bd4 Bc6 21. Bxf6
Qxf6 22. Qd4 Qg5 23. Qe5 Qe3+ 24. Kh1 Ng7 25. Bc4 fxe4 26. Nxe4 Bxe4 27. Qxe4
Qxe4 28. fxe4 Rfc7 0-1

[Event "17. Bayer Open"]
[Site "Leverkusen"]
[Date "2019.01.21"]
[Round "2.18"]
[White "Moors, Christoph"]
[Black "Meckel, Helmut"]
[Result "1-0"]
[WhiteElo "2034"]
[BlackElo "1800"]
[PlyCount "47"]
[EventDate "2019.??.??"]
[WhiteTeam "SC Erkrath"]
[BlackTeam "SG Solingen"]

1. d4 e6 2. c4 f5 3. g3 Nf6 4. Bg2 Be7 5. Nf3 d6 6. O-O O-O 7. Nc3 Qe8 8. Re1
Nc6 9. d5 exd5 10. cxd5 Ne5 11. Nd4 Bd8 12. b3 Kh8 13. Bb2 Qg6 14. e3 Bd7 15.
Nce2 Nh5 16. Nf4 Nxf4 17. exf4 Ng4 18. Ne6 Rf7 19. Rc1 c5 20. dxc6 Bxe6 21.
cxb7 Rb8 22. Qxd6 Bd7 23. Qxb8 Qb6 24. Bd4 1-0

[Event "17. Bayer Open"]
[Site "Leverkusen"]
[Date "2019.01.21"]
[Round "2.19"]
[White "Hoffmann, Frank"]
[Black "Kies, Werner"]
[Result "1/2-1/2"]
[WhiteElo "1843"]
[BlackElo "2032"]
[PlyCount "49"]
[EventDate "2019.??.??"]
[WhiteTeam "SV Springer Hitdorf"]
[BlackTeam "SC Bayer Leverkusen"]

1. e4 c5 2. Nc3 Nc6 3. f4 g6 4. Nf3 Bg7 5. Bc4 d6 6. d3 a6 7. a3 Nd4 8. Nxd4
cxd4 9. Ne2 Bg4 10. h3 Bd7 11. O-O e6 12. Bd2 Qb6 13. Rb1 Ne7 14. Qe1 O-O 15.
Kh2 Bc6 16. Bb4 Qc7 17. Bd2 d5 18. exd5 Nxd5 19. Qf2 Ne3 20. Bxe3 dxe3 21. Qxe3
b5 22. Bb3 Rad8 23. g3 Bb7 24. c3 e5 25. fxe5 1/2-1/2

[Event "17. Bayer Open"]
[Site "Leverkusen"]
[Date "2019.01.21"]
[Round "2.20"]
[White "Pützkaul, Karl"]
[Black "Raupach, Gregor"]
[Result "1/2-1/2"]
[WhiteElo "1869"]
[BlackElo "1992"]
[PlyCount "41"]
[EventDate "2019.??.??"]
[WhiteTeam "SC Bayer Leverkusen"]
[BlackTeam "SF Stadtverwaltung Bonn"]

1. Nf3 Nf6 2. d4 e6 3. c4 Bb4+ 4. Bd2 Nc6 5. a3 Bxd2+ 6. Qxd2 O-O 7. Nc3 b6 8.
g3 Bb7 9. Bg2 Qe7 10. O-O Rac8 11. b4 Rfd8 12. Rfe1 d5 13. cxd5 Nxd5 14. Qc2
Nf6 15. Rad1 Nb8 16. Qb3 h6 17. Ne5 Bxg2 18. Kxg2 c5 19. dxc5 Rxd1 20. Rxd1
bxc5 21. b5 1/2-1/2

[Event "17. Bayer Open"]
[Site "Leverkusen"]
[Date "2019.01.21"]
[Round "2.21"]
[White "Nasoyan, Maksim"]
[Black "Schäde, Maximilian"]
[Result "1-0"]
[WhiteElo "1880"]
[BlackElo "1839"]
[PlyCount "31"]
[EventDate "2019.??.??"]
[WhiteTeam "SG Ennepe-Ruhr-Süd"]
[BlackTeam "SF Brackel"]

1. Nf3 c5 2. e4 a6 3. g3 d6 4. Bg2 Nc6 5. O-O Nf6 6. Re1 Qc7 7. c3 Bd7 8. d4
cxd4 9. cxd4 Nb4 10. Nc3 d5 11. Bf4 Qc6 12. e5 Ne4 13. a3 e6 14. axb4 Bxb4 15.
Nxe4 dxe4 16. Nd2 1-0

[Event "17. Bayer Open"]
[Site "Leverkusen"]
[Date "2019.01.21"]
[Round "2.22"]
[White "Axmann, Michael"]
[Black "Kuhn, Andreas"]
[Result "0-1"]
[WhiteElo "1845"]
[BlackElo "1895"]
[PlyCount "136"]
[EventDate "2019.??.??"]
[WhiteTeam "SC Bayer Leverkusen"]
[BlackTeam "SG Niederkassel"]

1. d4 Nf6 2. Nf3 g6 3. b3 Bg7 4. Bb2 O-O 5. Nbd2 d6 6. e3 Nbd7 7. Be2 b6 8. O-O
Bb7 9. c4 e6 10. Re1 c5 11. Nf1 Qe7 12. h3 Rfd8 13. N1h2 Rac8 14. Bd3 d5 15.
Qe2 cxd4 16. exd4 dxc4 17. bxc4 Qd6 18. Rad1 Nh5 19. g3 Nb8 20. Ne5 Qc7 21.
Nhf3 Nc6 22. Nxc6 Bxc6 23. Ne5 Bb7 24. Rc1 Nf6 25. c5 Bd5 26. cxb6 Qxb6 27.
Rxc8 Rxc8 28. a3 Rc7 29. Kh2 Nd7 30. Qd2 Qb7 31. Bc3 Nxe5 32. dxe5 Qc8 33. Ba5
Rd7 34. Qe3 Qb8 35. a4 h5 36. f4 Bf8 37. Rb1 Rb7 38. Qc1 Rxb1 39. Bxb1 Qb7 40.
Bd3 Qb3 41. Qc2 Qa3 42. g4 Qa1 43. Qb1 Qd4 44. Qf1 h4 45. Bd8 Qb2+ 46. Qe2 Qc1
47. Qf1 Qd2+ 48. Be2 Bc4 49. Bxh4 Qxe2+ 50. Qxe2 Bxe2 51. Be1 Bc5 52. Kg3 Kg7
53. Bc3 Bd1 54. a5 a6 55. Kg2 Kh6 56. Bd2 Bd4 57. Kg3 Kg7 58. g5 Kf8 59. Kg2
Ke8 60. Kf1 Kd7 61. Ke1 Bb3 62. Ke2 Bc4+ 63. Kd1 Kc6 64. Kc2 Bf1 65. h4 Be2 66.
Kb3 Bf2 67. Kc3 Bxh4 68. Kb4 Bf2 0-1

[Event "17. Bayer Open"]
[Site "Leverkusen"]
[Date "2019.01.21"]
[Round "2.23"]
[White "Morschel, Steffen"]
[Black "Vranidis, Athanassios"]
[Result "1/2-1/2"]
[WhiteElo "1831"]
[BlackElo "1976"]
[PlyCount "81"]
[EventDate "2019.??.??"]
[WhiteTeam "SV Horrem"]
[BlackTeam "SG Solingen"]

1. e4 c5 2. Nc3 Nc6 3. f4 g6 4. Nf3 Bg7 5. Bb5 Nd4 6. O-O Nxb5 7. Nxb5 d5 8.
exd5 a6 9. Nc3 Nf6 10. d4 Nxd5 11. dxc5 Nxc3 12. Qxd8+ Kxd8 13. bxc3 Bxc3 14.
Rb1 Kc7 15. Rb3 Bf6 16. Bd2 Be6 17. Ba5+ Kc8 18. Rb6 Bd5 19. a4 e6 20. Bd2 Rd8
21. Be3 Rd7 22. Ne5 Bxe5 23. fxe5 Kd8 24. Rd6 Rxd6 25. cxd6 Ke8 26. Bb6 Bc6 27.
a5 Bb5 28. Rf4 Rc8 29. Bc7 Kf8 30. c4 Bc6 31. h4 Kg7 32. c5 Kf8 33. g4 Bb5 34.
Kf2 Bc6 35. g5 Ke8 36. Kg3 Bb5 37. h5 Bc6 38. hxg6 hxg6 39. Rh4 Kd7 40. Rh7 Rf8
41. Bb6 1/2-1/2

[Event "17. Bayer Open"]
[Site "Leverkusen"]
[Date "2019.01.21"]
[Round "2.24"]
[White "Schülke, Tilman"]
[Black "Schläbitz, Joel"]
[Result "1/2-1/2"]
[WhiteElo "1956"]
[BlackElo "1632"]
[PlyCount "85"]
[EventDate "2019.??.??"]
[WhiteTeam "Düsseldorfer SV"]
[BlackTeam "SF Köln-Longerich"]

1. d4 d5 2. c3 Nf6 3. Bg5 h6 4. Bxf6 exf6 5. e3 Bd6 6. Bd3 O-O 7. Qf3 c6 8. Nd2
Nd7 9. Ne2 Re8 10. Ng3 Nf8 11. O-O Ne6 12. h4 g6 13. Ne2 f5 14. g3 h5 15. Nf4
Nxf4 16. exf4 Be6 17. Qd1 b5 18. b4 a6 19. a4 Qd7 20. Nb3 Ra7 21. a5 Qd8 22.
Qf3 Qf6 23. Rfe1 Rae7 24. Re3 Bd7 25. Rae1 Rxe3 26. Rxe3 Rxe3 27. Qxe3 Qe6 28.
Qxe6 Bxe6 29. Kg2 Kg7 30. Kf3 Kh6 31. Bc2 Be7 32. Nc1 Bd6 33. Nd3 Kg7 34. Ne5
Bxe5 35. dxe5 Kf8 36. Ke3 Ke7 37. Kd4 Kd7 38. Kc5 Kc7 39. Bd1 Bd7 40. Be2 Be6
41. Bf1 Bc8 42. Be2 Be6 43. Bd1 1/2-1/2

[Event "17. Bayer Open"]
[Site "Leverkusen"]
[Date "2019.01.21"]
[Round "2.25"]
[White "Plitzner, Hans Joachim"]
[Black "Henseler, Klaus"]
[Result "0-1"]
[WhiteElo "1667"]
[BlackElo "1951"]
[PlyCount "59"]
[EventDate "2019.??.??"]
[WhiteTeam "Kölner SK Dr. Lasker"]
[BlackTeam "SC Bayer Leverkusen"]

1. d4 Nf6 2. Nf3 c5 3. c3 b6 4. e3 Bb7 5. Bd3 g6 6. Nbd2 d5 7. Qe2 Ne4 8. Ne5
a6 9. Qf3 f5 10. Qh3 Bg7 11. f3 Nxd2 12. Bxd2 Nd7 13. g4 Nxe5 14. dxe5 e6 15.
Qg3 Qe7 16. Rg1 Rg8 17. f4 O-O-O 18. Qh3 Rh8 19. Ke2 Kb8 20. Be1 Qf7 21. Bh4
Rd7 22. Rad1 Ka7 23. Rd2 Rc8 24. gxf5 exf5 25. Rgd1 Re8 26. Bc2 Bc6 27. Kf2 b5
28. b3 Rb8 29. Qf1 Rbb7 30. b4 0-1

[Event "17. Bayer Open"]
[Site "Leverkusen"]
[Date "2019.01.21"]
[Round "2.26"]
[White "Gramb, Marius"]
[Black "Nölle, Nathalie"]
[Result "1-0"]
[WhiteElo "2188"]
[BlackElo "1322"]
[PlyCount "45"]
[EventDate "2019.??.??"]
[WhiteTeam "Brühler SK"]
[BlackTeam "Königsspringer Leverkusen"]

1. d4 f5 2. g3 Nf6 3. Nf3 e6 4. Bg2 Be7 5. O-O O-O 6. c4 d6 7. b3 Qe8 8. Nc3
Qh5 9. Ba3 Ne4 10. Nxe4 fxe4 11. Nd2 Rf6 12. e3 Qf7 13. Nxe4 Rh6 14. f4 d5 15.
Ng5 Qe8 16. Bxe7 Qxe7 17. cxd5 c6 18. dxc6 Nxc6 19. d5 exd5 20. Qxd5+ Kf8 21.
Rfe1 Nd8 22. Qd3 g6 23. Rad1 1-0

[Event "17. Bayer Open"]
[Site "Leverkusen"]
[Date "2019.01.21"]
[Round "2.27"]
[White "Claßen, Harald"]
[Black "Gnass, Arno"]
[Result "1-0"]
[WhiteElo "1950"]
[BlackElo "1769"]
[PlyCount "65"]
[EventDate "2019.??.??"]
[WhiteTeam "SC Bayer Leverkusen"]
[BlackTeam "Bergische SF"]

1. c4 Nf6 2. Nc3 d5 3. cxd5 Nxd5 4. g3 Nxc3 5. bxc3 g6 6. Bg2 Bg7 7. Rb1 c6 8.
Nf3 O-O 9. O-O Nd7 10. c4 Re8 11. d3 e5 12. Ba3 Qa5 13. Qb3 Nc5 14. Qb4 Qxb4
15. Bxb4 Na4 16. Nd2 c5 17. Ba5 Rb8 18. Bc6 Bh3 19. Bxa4 Bxf1 20. Kxf1 Re6 21.
Nb3 b6 22. Nxc5 Re7 23. Ne4 f5 24. Bb4 Re6 25. Ng5 Rf6 26. Be7 e4 27. dxe4 b5
28. Bxf6 Bxf6 29. h4 b4 30. exf5 Rb6 31. fxg6 hxg6 32. c5 Rb7 33. c6 1-0

[Event "17. Bayer Open"]
[Site "Leverkusen"]
[Date "2019.01.21"]
[Round "2.28"]
[White "van Schyndel, Andreas"]
[Black "Paul, André David"]
[Result "0-1"]
[WhiteElo "1930"]
[BlackElo "1648"]
[PlyCount "74"]
[EventDate "2019.??.??"]
[WhiteTeam "SV Grünfeld"]
[BlackTeam "Kölner SK Dr. Lasker"]

1. d4 d5 2. c4 e6 3. Nc3 Nf6 4. cxd5 exd5 5. Bg5 Be7 6. e3 c6 7. Bd3 O-O 8. Qc2
Nbd7 9. Nge2 Re8 10. O-O g6 11. h3 Kg7 12. f4 Nf8 13. f5 Nh5 14. Bf4 g5 15. Bh2
Bd6 16. e4 dxe4 17. Nxe4 Bxh2+ 18. Kxh2 h6 19. Rad1 Nh7 20. Bc4 N7f6 21. N4c3
Qc7+ 22. Kg1 Re3 23. Qd2 Qe7 24. Kf2 Ne4+ 25. Nxe4 Rxe4 26. Bd3 Rh4 27. Ng1
Rxd4 28. Nf3 Rd8 29. Qc3+ Qf6 30. Ne5 Nf4 31. Bc4 Rxd1 32. Rxd1 Bxf5 33. Bxf7
Rf8 34. Bc4 Ng6 35. Nxg6 Qxc3 36. bxc3 Kxg6 37. Rd6+ Rf6 0-1

[Event "17. Bayer Open"]
[Site "Leverkusen"]
[Date "2019.01.21"]
[Round "2.29"]
[White "Friedsam, Manfred"]
[Black "Breuer, Achim"]
[Result "1-0"]
[WhiteElo "1963"]
[BlackElo "1552"]
[PlyCount "39"]
[EventDate "2019.??.??"]
[WhiteTeam "Königsspringer Leverkusen"]
[BlackTeam "SV Dormagen"]

1. e4 e6 2. d4 d5 3. Nc3 dxe4 4. Nxe4 Nd7 5. Bd3 Ngf6 6. Qe2 Nxe4 7. Bxe4 Nf6
8. Bxb7 Bb4+ 9. c3 Qxd4 10. Bxa8 O-O 11. cxb4 Qxb4+ 12. Qd2 Qe7 13. Ne2 Ba6 14.
Bf3 Ra8 15. Qa5 Qd6 16. O-O e5 17. Re1 e4 18. Bf4 Qd3 19. Nc3 Re8 20. Be2 1-0

[Event "17. Bayer Open"]
[Site "Leverkusen"]
[Date "2019.01.21"]
[Round "2.30"]
[White "Shelukie, Magd"]
[Black "Vulic, Goran"]
[Result "0-1"]
[WhiteElo "1607"]
[BlackElo "2067"]
[PlyCount "150"]
[EventDate "2019.??.??"]
[BlackTeam "Brühler SK"]

1. e4 e5 2. d4 exd4 3. Nf3 Bb4+ 4. Nbd2 d5 5. Nxd4 dxe4 6. c3 Bd6 7. Nxe4 Ne7
8. Nb5 Nf5 9. Nbxd6+ Nxd6 10. Nxd6+ cxd6 11. Bf4 O-O 12. Bb5 a6 13. Be2 Re8 14.
O-O Qf6 15. Qd2 Bd7 16. Bf3 Bc6 17. Bxc6 Nxc6 18. Qxd6 Re6 19. Qc7 Re7 20. Qd6
Qxd6 21. Bxd6 Re2 22. Rab1 g5 23. Rfe1 Rxe1+ 24. Rxe1 Rd8 25. Bc5 Rd2 26. Rb1
f6 27. g3 Ne5 28. a3 Nd3 29. b4 Ra2 30. Rb3 g4 31. Rb1 Ne5 32. Kg2 Nf3 33. c4
Rxa3 34. b5 Rc3 35. bxa6 bxa6 36. Be7 Kf7 37. Bd6 Rxc4 38. Bf4 a5 39. Ra1 a4
40. h3 h5 41. hxg4 hxg4 42. Kf1 Re4 43. Be3 Ke6 44. Ke2 Kd5 45. Kd3 f5 46. Kc3
Kc6 47. Kb2 Kb5 48. Ka3 Ne5 49. Rb1+ Kc6 50. Rb6+ Kd5 51. Rb5+ Kc4 52. Kxa4
Kc3+ 53. Ka5 Nc4+ 54. Ka6 Re6+ 55. Ka7 Rxe3 56. Rxf5 Re7+ 57. Ka6 Ne5 58. Kb5
Kd4 59. Rf4+ Kd5 60. Ka4 Rf7 61. Rxf7 Nxf7 62. Kb3 Ke4 63. Kc2 Kf3 64. Kd1 Kxf2
65. Kd2 Kxg3 66. Ke2 Kh2 67. Kf1 g3 68. Ke2 g2 69. Kf3 g1=Q 70. Kf4 Qd4+ 71.
Kf5 Qe5+ 72. Kg6 Qf4 73. Kg7 Ne5 74. Kg8 Qf7+ 75. Kh8 Ng6# 0-1

[Event "17. Bayer Open"]
[Site "Leverkusen"]
[Date "2019.01.21"]
[Round "2.32"]
[White "Kamphausen, Johannes-Dieter"]
[Black "Balduan, Karl-Heinz"]
[Result "1-0"]
[WhiteElo "1884"]
[BlackElo "1601"]
[PlyCount "79"]
[EventDate "2019.??.??"]
[WhiteTeam "SV Springer Hitdorf"]
[BlackTeam "Königsspringer Leverkusen"]

1. e4 c5 2. Nf3 Nc6 3. d4 cxd4 4. Nxd4 Nf6 5. Nc3 d6 6. Be3 e5 7. Nb3 Be7 8.
Be2 O-O 9. Qd2 Be6 10. O-O-O a5 11. a4 Bxb3 12. cxb3 Nb4 13. Bg5 Rc8 14. Kb1
Rxc3 15. Bxf6 Rc6 16. Bxe7 Qxe7 17. Bb5 Rb6 18. Qe3 Rxb5 19. axb5 f5 20. f3 Qe6
21. Rc1 fxe4 22. fxe4 d5 23. exd5 Qf5+ 24. Ka1 Nxd5 25. Qe2 Nb4 26. Qc4+ Qf7
27. Rhf1 Qxc4 28. Rxf8+ Kxf8 29. bxc4 Nd3 30. Rc2 Kf7 31. c5 Nb4 32. Rc4 Ke6
33. c6 bxc6 34. bxc6 Nxc6 35. Rxc6+ Kd5 36. Rc7 Kd4 37. Rxg7 e4 38. Rxh7 Kd3
39. Re7 e3 40. h4 1-0

[Event "17. Bayer Open"]
[Site "Leverkusen"]
[Date "2019.01.21"]
[Round "2.33"]
[White "Lasser, Rene"]
[Black "Klees, Robert"]
[Result "1-0"]
[WhiteElo "1826"]
[BlackElo "1588"]
[PlyCount "33"]
[EventDate "2019.??.??"]
[WhiteTeam "Königsspringer Leverkusen"]
[BlackTeam "SF Düsseldorf-Süd"]

1. e4 e5 2. d4 exd4 3. c3 dxc3 4. f4 cxb2 5. Bxb2 Bb4+ 6. Nd2 Nf6 7. Bd3 O-O 8.
Ngf3 d6 9. O-O Bg4 10. Qc2 Nbd7 11. e5 Ne8 12. Bxh7+ Kh8 13. Ne4 dxe5 14. Nfg5
Nef6 15. fxe5 Nxh7 16. Nxh7 Kxh7 17. Nf6+ 1-0